الصلة بين اصول الفقه وعلم الكلام في مسألتي التحسين والتقبيح وتعليل افعال الله تعالى = The Relationship between usul al figh and the theology in altahsin and al tqbih and causality of Allah's deeds /
Saved in:
| Main Author: | |
|---|---|
| Other Authors: | |
| Format: | Thesis |
| Language: | Arabic |
| Published: |
al-Urdun:
Jami'at Al al-Bayt,
|
| Subjects: | |
| Tags: |
Add Tag
No Tags, Be the first to tag this record!
|
| LEADER | 019060000a22003010004500 | ||
|---|---|---|---|
| 008 | 101025s2001 jo f00 0000 00ara d | ||
| 040 | |a UIAM |b eng | ||
| 041 | |a ara | ||
| 050 | |a BP145.1 | ||
| 100 | 1 | |a حرب، أحمد حلمي حسن | |
| 242 | 1 | 3 | |a al-Silah bayna usul al-fiqh wa 'ilm al-kalam fi masa'alatay al-tahsin wa al-taqbih wa ta'lil af'al Allah ta'ala |
| 245 | 1 | 2 | |a الصلة بين اصول الفقه وعلم الكلام في مسألتي التحسين والتقبيح وتعليل افعال الله تعالى = The Relationship between usul al figh and the theology in altahsin and al tqbih and causality of Allah's deeds / |c اعداد أحمد حلمي حرب |
| 246 | 1 | 1 | |a The relationship between usul al figh and the theology in altahsin and al tqbih and causality of Allah's deeds |
| 260 | |a al-Urdun: |b Jami'at Al al-Bayt, | ||
| 300 | |a 290 leaves ; |c 30 cm. | ||
| 500 | |a "قدةت هذه الرسالة استكمالا لمطلبات الحصول على درجة الماجستير في الفقه واصوله في كاية الدراسات الفقهية والقانونية في جامعة ال البيت "On t.p. | ||
| 500 | |a Abstract in English. | ||
| 502 | |a Thesis (M.A.)--Jami'at Al al-Bayt, 2001 | ||
| 504 | |a Includes bibliographical references (leaves 278-290). | ||
| 596 | |a 1 | ||
| 650 | |a Islamic law |x Sources Criticism, interpretation, etc. | ||
| 655 | |a Theses, Facsimile edition (Islamic) | ||
| 700 | |a Harb, Ahmad Hilmi Hasan | ||
| 710 | |a Jami'at Al al-Bayt. |b Kulliyat al-Dirasat al-Fiqhiyah wa al-Qanuniyah | ||
| 710 | |a جامعة آل البيت. |b كلية الدراسات الفقهية والقانونية | ||
| 900 | |a sz-ami | ||
| 999 | |c 432570 |d 465647 | ||
| 952 | |0 0 |6 TI BP 000145.000001 H000255S 002001 |7 0 |8 THESES |9 753847 |a IIUM |b IIUM |c MULTIMEDIA |g 360.00 |o ti BP 145.1 H255S 2001 |p 00011149174 |r 2017-10-23 |t 1 |v 360.00 |y THESIS | ||
